| 000 | 02480cab a22005535a 4500 | ||
|---|---|---|---|
| 001 | L146300 | ||
| 008 | 090106e20081220xxk f f 000 0 eng d | ||
| 035 | _a(Sirsi) u146300 | ||
| 041 | 0 | _aeng | |
| 100 | 1 | _aMurdoch, John | |
| 245 | 0 | 0 | _aFestive delights |
| 260 | _c2008 | ||
| 490 |
_aEstates Gazette _v(0850) 20 December 2008, 70-71(2) |
||
| 520 | _aArticle looks at property law cases of note over the last year, focusing largely on enfranchisement and other appeals. The authors also highlight a rise in cases featuring property agency and the rights and liabilities of landowners, although valuation litigation has proven to be less common. | ||
| 590 | _aKA NTK | ||
| 650 | 2 | 4 | _aPROPERTY-RESIDENTIAL PROPERTY-RESIDENTIAL LANDLORD AND TENANT |
| 650 | 2 | 4 | _aPROPERTY-RESIDENTIAL PROPERTY-RESIDENTIAL LANDLORD AND TENANT-RESIDENTIAL LEASES-RESIDENTIAL LEASEHOLD ENFRANCHISEMENT |
| 650 | 2 | 4 |
_aBlock management _96220 |
| 650 | 2 | 4 | _aBOCARDO SA V STAR ENERGY UK ONSHORE LTD & ANOR |
| 650 | 2 | 4 | _aBOSS HOLDINGS LTD V GROSVENOR WEST END PROPERTIES LTD AND ANOTHER |
| 650 | 2 | 4 | _aCANTRELL V WYCOMBE DISTRICT COUNCIL |
| 650 | 2 | 4 | _aCOBBE V YEOMAN'S ROW MANAGEMENT LTD |
| 650 | 2 | 4 | _aDASHWOOD V FLEURETS LTD |
| 650 | 2 | 4 | _aFIELD COMMON LTD V ELMBRIDGE BOROUGH COUNCIL |
| 650 | 2 | 4 | _aFORSYTH-GRANT V ALLEN |
| 650 | 2 | 4 | _aFOXTONS LTD V BICKNELL |
| 650 | 2 | 4 | _aHARVEY V BAMFORTH |
| 650 | 2 | 4 | _aHOMEPACE LTD V SITA SOUTH EAST LTD |
| 650 | 2 | 4 | _aHORSHAM PROPERTIES GROUP LTD V CLARK |
| 650 | 2 | 4 | _aHOWARD DE WALDEN ESTATES LTD V AGGIO AND ORS |
| 650 | 2 | 4 | _aJACKSON V J H WATSON PROPERTY INVESTMENT LTD |
| 650 | 2 | 4 | _aJOHN D WOOD & CO (RESIDENTIAL & AGRICULTUREAL) LTD V CRAZE |
| 650 | 2 | 4 | _aLANCASHIRE COUNTY COUNCIL V BUCHANAN |
| 650 | 2 | 4 | _aLAWNTOWN LTD V CAMENZULI |
| 650 | 2 | 4 | _aMAJORSTAKE LTD V CURTIS |
| 650 | 2 | 4 | _aMONCRIEFF AND ANOTHER V JAMIESON AND OTHERS |
| 650 | 2 | 4 | _aMON TRESOR & MON DESERT LTD V MINISTRY OF HOUSING AND LANDS |
| 650 | 2 | 4 | _aOFFICE OF FAIR TRADING V FOXTONS LTD |
| 650 | 2 | 4 | _aPLATFORM FUNDING LTD V BANK OF SCOTLAND PLC (FORMERLY HALIFAX PLC) |
| 650 | 2 | 4 | _aSCOTTISH AND NEWCASTLE PLC V RAGUZ |
| 650 | 2 | 4 | _aTHE CHILTERN RAILWAY CO LTD V PATEL |
| 650 | 2 | 4 | _aTHE COUNTY HOMESEARCH CO (THAMES & CHILTERNS) LTD V COWHAM |
| 650 | 2 | 4 | _aWATSON V CROFT PROMO-SPORT LTD |
| 650 | 2 | 4 | _aWINTER V TRADITIONAL & CONTEMPORARY LTD |
| 651 | 4 |
_aEngland and Wales _y1543- |
|
| 690 | _aPROPERTY | ||
| 700 | 1 | _aMurdoch, Sandi | |
| 942 | _n0 | ||
| 999 |
_c81122 _d81122 |
||